01128nam a2200313Ia 450000500170000000800270001702000180004410000270006224501430008925000170023230000500024950000730029953400240037265000420039665000250043865000250046365000280048865000240051670000370054070000490057794200150062626400240064133600270066533700330069233800280072504000350075308400110078899900150079920220317000342.0141031s9999 ck 000 0 spa d a97884678308971 aCody Kimmel, Elizabeth10aParanormanbel alucinante mundo de Norman cElizabeth Cody Kimmel ; ilustrado por Ross Stewart ; traducción de Blanca Jiménez Iglesias a1a edición a243 páginasbilustraciones en colorc32 cm. aBasado en el guión de la película de animación de Chris Butler tParaNorman. A novel142LEMBaNovela estadounidenseySiglo XX142LEMBaBrujasvNovela142LEMBaMuertevNovela142LEMBaFantasmasvNovela142LEMBaHumorvNovela1 aStewart, Rosseilustrador9176391 aJiménez Iglesias, Blancaetraductor917640 2loccBKLIT aMadridbAnayac2012 atextobtxt2rdacontent asin mediaciónbn2rdamedia avolumenbnc2rdacarrier aCO-BoRNBPbspaerdacCO-BoRNBP aN COD2 c3807d3807